Philippine Income Tax : (Record no. 10277)

MARC details
000 -LEADER
fixed length control field 00792nam a22002177a 4500
003 - CONTROL NUMBER IDENTIFIER
control field OSt
005 - DATE AND TIME OF LATEST TRANSACTION
control field 20260506052108.0
008 - FIXED-LENGTH DATA ELEMENTS--GENERAL INFORMATION
fixed length control field 260506b |||||||| |||| 00| 0 eng d
020 ## - INTERNATIONAL STANDARD BOOK NUMBER
International Standard Book Number 978-621-416-098-3
040 ## - CATALOGING SOURCE
Original cataloging agency DWCL Main Lib.
Transcribing agency OC
082 ## - DEWEY DECIMAL CLASSIFICATION NUMBER
Edition number 2020 edition
Classification number 336.2 L971p 2020
100 ## - MAIN ENTRY--PERSONAL NAME
Personal name Llamado, Christopher P.
245 ## - TITLE STATEMENT
Title Philippine Income Tax :
Remainder of title volume 2 ( Returns, Withholdings, Penalties, and Administrative Requirements)/
Statement of responsibility, etc. Christopher P. Llamado
250 ## - EDITION STATEMENT
Edition statement 2020 edition
260 ## - PUBLICATION, DISTRIBUTION, ETC.
Place of publication, distribution, etc. Sampaloc Manila, Philippines :
Name of publisher, distributor, etc. GIC Enterprises Co. inc.,
Date of publication, distribution, etc. c2020.
300 ## - PHYSICAL DESCRIPTION
Extent 576 pages :
Other physical details illustrations ;
Dimensions 22cm.
650 ## - SUBJECT ADDED ENTRY--TOPICAL TERM
Topical term or geographic name entry element Income Tax- Law and Legislation
700 ## - ADDED ENTRY--PERSONAL NAME
Personal name De Vera, Jack L.
760 ## - MAIN SERIES ENTRY
Edition 2020 edition
942 ## - ADDED ENTRY ELEMENTS (KOHA)
Source of classification or shelving scheme Dewey Decimal Classification
Koha item type Book-Filipiniana
Edition 2020 Edition
Classification part Fil.
Suppress in OPAC No
952 ## - LOCATION AND ITEM INFORMATION (KOHA)
--
952 ## - LOCATION AND ITEM INFORMATION (KOHA)
--
952 ## - LOCATION AND ITEM INFORMATION (KOHA)
--
Holdings
Withdrawn status Lost status Source of classification or shelving scheme Damaged status Not for loan Home library Current library Shelving location Date acquired Source of acquisition Cost, normal purchase price Total Checkouts Full call number Barcode Date last seen Copy number Price effective from Koha item type Uniform Resource Identifier
    Dewey Decimal Classification     College Library College Library Filipiniana 02/08/2023 School Fund 350.00   Fil. 336.2 L971p 2020 CL53495 05/06/2026 c2 05/06/2026 BK-FIL
    Dewey Decimal Classification     College Library College Library Filipiniana 02/08/2023 School Fund 350.00   Fil. 336.2 L971p 2020 CL53496 05/06/2026 c3 05/06/2026 BK-FIL
    Dewey Decimal Classification     College Library College Library Filipiniana 02/08/2023 School Fund 350.00   Fil. 336.2 L971p 2020 CL53494 05/06/2026 c1 05/06/2026 BK-FIL